Statistics for Asian Geography by Letter - I

Click here to take the quiz!

General Stats

  • This quiz has been taken 47,371 times
    (20,433 since last reset)
  • The average score is 12 of 20

Answer Stats

HintAnswer% Correct
Country of 1.4 billion peopleIndia
99%
Jakarta is its capitalIndonesia
98%
Also known as PersiaIran
97%
Hebrew is its official languageIsrael
95%
Most populous city in TurkeyIstanbul
95%
Modern-day MesopotamiaIraq
90%
Capital of PakistanIslamabad
89%
Southeast Asian peninsula of
Vietnam, Laos, etc...
Indochina
76%
The Chinese part of Mongolia{Inner} Mongolia
69%
Pakistan river; Site of an ancient civilizationIndus
66%
Former region in the Caucasus which shares
its name with a major European peninsula
Iberia
61%
Small Japanese island;
Site of a brutal WWII battle
Iwo Jima
54%
Third-biggest city in Turkey, formerly SmyrnaIzmir
50%
Third-biggest city in South KoreaIncheon
46%
Siberian city near Lake BaikalIrkutsk
36%
Once the capital of the above,
now its third-largest city
Isfahan
28%
Main river of MyanmarIrrawaddy
19%
Ancient Greek region in modern-day TurkeyIonia
16%
Popular Japanese given name which
means "first son"
Ichirō
14%
Former capital of the Spanish Philippines
on the island of Panay
Iloilo City
8%

Score Distribution

Percentile by Number Answered

Percent of People with Each Score

Your Score History

You have not taken this quiz since the last reset